Slovník školské fyziky

Na minha lista:
Detalhes bibliográficos
Formato: Livro
Idioma:tcheco
Publicado em: Praha : Státní pedagogické nakladatelství, 1988
Edição:1.vyd.
Assuntos:
Tags: Adicionar Tag
Sem tags, seja o primeiro a adicionar uma tag!

MARC

LEADER 00000nam a22000003a 4500
001 stu42101
005 20150408180454.5
008 940209s1988----cs------------------cze-d
040 |a STU  |b slo 
041 0 |a cze 
044 |a cs 
080 |a 53(038) 
245 |a Slovník školské fyziky 
250 |a 1.vyd. 
260 |a Praha :  |b Státní pedagogické nakladatelství,  |c 1988 
300 |a 292 s 
650 7 |a fyzika  |2 stusub 
650 7 |a slovníky  |2 stusub 
996 |b 284M012953  |c M*5193-5  |l MMKN  |s A  |a 24  |w stu42101_0001 
996 |b M 17635  |c M*5193-1  |l MMKN  |s A  |a 24  |w stu42101_0002